Optimal and self-optimizing control /

Guardado en:
Otros Autores: Oldenburger, Rufus, 1908- (Editor )
Formato: Libro
Idioma:English
Publicado: Cambridge, Mass. : M.I.T. Press, c1966.
Materias:
Etiquetas: Agregar Etiqueta
Sin Etiquetas, Sea el primero en etiquetar este registro!
LEADER 00625cam a22001811a 4500
001 MAT.inmabb004760
008 750513s1966####maua#####b####001#0#eng##
005 20170522172920.0
245 1 0 |a Optimal and self-optimizing control /  |c edited by Rufus Oldenburger. 
260 |a Cambridge, Mass. :  |b M.I.T. Press,  |c c1966. 
300 |a x, 500 p. :  |b il. ;  |c 26 cm. 
500 |a Reimpresión de 39 artículos. 
504 |a Incluye referencias bibliográficas. 
700 1 |a Oldenburger, Rufus,  |d 1908-  |4 edt 
650 0 |a Automatic control. 
010 |a  66021356  
040 |a DLC  |c OCX  |d OCoLC  |d Uk  |d DLC 
859 |h 93  |i Op62  |p A-4163  |b BIB. MATEMATICA